[Event "Olympiad-35"]
[Site "Bled"]
[Date "2002.10.31"]
[Round "6.1"]
[White "Atalik, Suat"]
[Black "Grischuk, Alexander"]
[Result "0-1"]
[WhiteElo "2575"]
[BlackElo "2702"]
[Annotator "Atalik,S"]
[PlyCount "120"]
[EventDate "2002.10.26"]
[EventType "team-swiss"]
[EventRounds "14"]
[EventCountry "SLO"]
[SourceTitle "CBM 092"]
[Source "ChessBase"]
[SourceDate "2003.02.06"]
[SourceVersion "1"]
[SourceVersionDate "2003.02.06"]
[SourceQuality "1"]
[WhiteTeam "Bosnia&Herzegovina"]
[BlackTeam "Russia"]
[WhiteTeamCountry "BIH"]
[BlackTeamCountry "RUS"]

1. d4 Nf6 2. c4 e6 3. Nf3 b6 4. a3 Bb7 5. Nc3 d5 6. Bg5 $5 Be7 7. Rc1 {Keeping
an eye over c7.} O-O 8. e3 Nbd7 9. cxd5 exd5 10. Bd3 $6 ({Still I am for} 10.
Bb5 $142 c6 11. Ba4 Ne4 12. Bxe7 Qxe7 13. O-O f5 (13... Ndf6 14. Qe2) (13...
Rac8 14. b4) 14. Ne2 $14) 10... c5 11. O-O Ne4 12. Bxe7 (12. Bf4 Nxc3 13. Rxc3
c4 14. Bf5 $13) 12... Qxe7 13. dxc5 $6 {Maybe this is too early for this.} (13.
Qe2 Nxc3 14. Rxc3 c4 15. Bf5 g6 (15... b5 16. b4) 16. Bxd7 Qxd7 $13) 13... bxc5
14. Qe2 Rab8 $1 {prevents Ba6 forever.} (14... Nxc3 15. Rxc3 c4 16. Bc2 $14)
15. Bxe4 $2 {Why was that?} (15. Rfd1 Ndf6 16. Bxe4 dxe4 17. Nd2 Bc8 18. Rc2
Bg4 19. Nd5 Bxe2 20. Nxe7+ Kh8 21. Rdc1 Bd3 22. Rxc5 Rxb2 23. Nc4 Rb7 24. Nf5
Nd7 25. Rc6 $11) 15... dxe4 16. Nd2 f5 $17 {There are a lot of holes in whites
camp starting with d3.} 17. f3 Qe6 $1 (17... exf3 18. Nxf3 Rbe8 19. Rce1 {
is more or less equal.}) 18. b4 $1 {Almost the only way to deal with black's
threats.} exf3 19. Nxf3 Kh8 $1 {A good practical decision since if black goes
for the pawn it is almost impossible to convert the advantage.} (19... Bxf3 20.
Qxf3 cxb4 21. axb4 Rxb4 22. Qd5 $1 Rb6 23. Ra1 (23. Rb1 Rf7) 23... a6 24. Rab1
Rd6 25. Qxe6+ Rxe6 26. Rb7 Nc5 27. Rc7 $44) 20. b5 Rbe8 21. Na4 $1 f4 $1 {
Very impressive, a pawn on e3 will be very annoying for white.} (21... Qb3 22.
Nxc5 Nxc5 23. Rxc5 Rxe3 24. Qc2 Qxc2 25. Rxc2 Rxa3 26. Rc7 $11) 22. Nxc5 Nxc5
23. Rxc5 fxe3 24. Rc3 Bxf3 25. gxf3 Qe5 26. Rfc1 $6 {This is pretty bad, white
could keep the balance by} (26. Rb3 Re6 27. Re1 Rfe8 28. Kh1 Qc5 29. Rd1 h6 30.
a4 $15) 26... h6 27. Kh1 Rf5 28. a4 Re7 29. Rd3 $6 {Another inaccuracy.} (29.
Rc8+ Kh7 30. R8c4 Qd5 31. Kg2 Rg5+ 32. Kh1 Qd2 33. R4c2 $15) 29... Qf4 $1 {
Trouble is coming.} 30. Rb1 $2 ({Despite of being low on time I have
calculated that} 30. a5 $2 Rxb5 31. Rd8+ Kh7 32. Qxb5 Qxf3+ 33. Kg1 Re6 $19 {
is lost.}) (30. Re1 $1 Rfe5 (30... Qxa4 $6 31. Rxe3 Rxe3 32. Qxe3 Qxb5 33. Qxa7
Qd5 34. Qb8+ Kh7 35. Qb2 Rxf3 36. Qg2 $11) 31. a5 Qb4 (31... Rxb5 32. Rxe3 Qxe3
33. Qxe3 Rxe3 34. Rxe3 Rxa5 35. Kg2 $11) 32. Rd8+ Kh7 33. Qc2+ g6 34. Rg1 R5e6
35. Qc8 Qb2 36. f4 e2 37. Re1 Qg7 38. Rf8 $17 {and white is still in the game.}
) 30... Kh7 31. a5 Qc4 32. b6 (32. Rd2 $2 exd2 33. Qxc4 Re1+ 34. Kg2 Rxb1 35.
Qc2 d1=Q 36. Qxf5+ Kg8 37. Qc8+ Kf7 38. Qf5+ Ke8 39. Qe5+ Kd7 $17) 32... Rxa5
$1 $19 {Black conducts the game with great accuracy.} (32... Rxf3 $2 33. Qxf3
Qxd3 34. Re1 Qc3 35. Rg1 Qf6 36. Qxf6 gxf6 37. Rb1 $11) 33. Rxe3 $6 (33. b7
Rxb7 34. Rxb7 Ra1+ 35. Kg2 Ra2 36. Kf1 Rxe2 37. Kxe2 a5 38. Rbb3 Qc2+ 39. Kxe3
Qxh2 40. f4 {had more chances to hold.}) 33... Qxe2 34. Rxe2 Rxe2 35. b7 Re8
36. b8=Q Rxb8 37. Rxb8 Ra2 $1 {Now white is dead meat with his king on h1.} 38.
f4 Kg6 39. Rf8 $1 {The best try!} a5 {Apart from this black had another
winning move.} (39... h5 $5 40. h4 (40. f5+ Kg5 41. Rf7 a5 42. Rxg7+ Kxf5 43.
h4 a4 44. Rg5+ Kf4 45. Rxh5 a3 46. Ra5 Kg3 47. Rg5+ Kxh4 48. Ra5 Kg3 $19) 40...
Ra5 $1 $19) 40. f5+ Kg5 41. Rf7 a4 42. h4+ Kg4 43. Rxg7+ Kxf5 44. h5 Kf4 $1 {
Very strong this forces whites rook to go to a line and after which black will
collect the pawn due to mating threats and the resulting R+(Pa+Ph) vs R ending
is winning.} (44... a3 $2 45. Rg3 $1 {And white achieves the Vancura position.}
Kf4 46. Rc3 Kg4 47. Kg1 (47. Rc5 Rb2) 47... Kxh5 48. Rb3 Kg4 49. Rb4+ Kf3 50.
Rb3+ Ke2 51. Rh3 Kd1 52. Rf3 Kc1 53. Rf1+ Kb2 54. Rf2+ Kb3 55. Rf3+ Kc4 56.
Rf4+ Kd5 57. Rf3 Ra1+ 58. Kg2 Kc4 59. Rf4+ Kd3 60. Rf3+ Ke4 61. Rb3 $11) 45.
Kg1 a3 46. Ra7 Ke4 $2 {This does not spoil the things yet but black king's
walk to the queenside makes things more difficult.} (46... Kg3 $1 47. Rg7+ (47.
Kf1 Rf2+ 48. Kg1 Rf3 49. Ra6 (49. Ra4 Rb3 50. Kf1 Rb1+ 51. Ke2 Ra1 $19 {
and white king cannot return to his safe heaven.} 52. Kd2 a2 53. Kc2 Rh1 54.
Kb2 a1=Q+ 55. Rxa1 Rxa1 56. Kxa1 Kg4 57. Kb2 Kxh5 58. Kc3 Kg4 59. Kd2 Kf3 60.
Ke1 Kg2 {wins by one tempo.}) 49... Rb3 50. Kf1 Rb1+ 51. Ke2 Ra1 52. Kd3 a2 53.
Kc2 Rf1 {is the same.}) 47... Kh4 48. Ra7 Kxh5 $19) 47. Ra8 Kd4 48. Rd8+ Kc3
49. Rc8+ Kd2 50. Ra8 $8 (50. Kf2 Rc2) 50... Kc1 51. Ra6 Kb1 (51... Kc2 {
is still simpler. Now the problem for white is even if his king walks up to 3
rank black rook will cut it from the fourth and it is still winning for black.}
52. Kf2 Kb3+ 53. Kg3 Rd2 $1 54. Rb6+ (54. Rxh6 Rd4 55. Rb6+ Rb4 56. Rf6 a2 57.
Rf1 Kb2 $19) (54. Kf4 a2 55. Kf5 Rd4 $19) 54... Kc2 55. Rc6+ Kb1 56. Rxh6 a2
57. Ra6 Rd4 58. Rb6+ Kc2 59. Ra6 Kb3 60. h6 Ra4 61. Rb6+ Kc4 62. Rc6+ Kd5 63.
Rc1 a1=Q 64. Rxa1 Rxa1 $19) 52. Kf1 Kc2 53. Kg2 Kb3+ 54. Kg3 Ra1 $4 {This
should have thrown away the draw in mutual time trouble GM Grischuk had 12
seconds at this very moment.} (54... Rd2 $1 55. Rb6+ Ka4 56. Ra6+ Kb4 57. Rb6+
Ka5 58. Rb8 (58. Re6 a2 59. Re1 Kb4 60. Kf4 Rb2 61. Ra1 Ka3 62. Kf5 Rb1 $19)
58... Rd5 59. Kg4 Ka4 60. Re8 a2 61. Re1 Ra5 $19) 55. Rxh6 $11 {Now it is one
of the simplest draws.} Rg1+ {Bringing the king even upper.} (55... a2 56. Ra6
Rc1 57. Rxa2 Kxa2 58. Kf4 Rg1 59. Kf5 $11) 56. Kf4 a2 57. Ra6 (57. Rb6+ Kc4 58.
Ra6 a1=Q 59. Rxa1 Rxa1 60. h6 Kd5 61. Kf5 $8 {black's king should be elbowed.}
Ra6 62. Kg5 Ke5 63. h7 Ra8 64. Kg6 $11) 57... Rc1 (57... a1=Q 58. Rxa1 Rxa1 59.
Kf5 $11) 58. Ra8 $4 {Unfucking believable. Here one of the strangest things
happened to my horror. I was conditioned to take the pawn after its promotion
and} (58. Rxa2 {Simplest, it even pushes black's king one row away.} Kxa2 59.
Kg5 $11 (59. h6 Kb3 (59... Rg1 60. Kf5 $11) (59... Rc5 60. Kg4 $11) 60. Kg5 $11
)) ({after} 58. Kg5 Rc5+ 59. Kg6 Rc6+ 60. Rxc6 a1=Q 61. h6 $11 {I was all of a
sudden concerned about this, so in the nick of the time I wanted to avoid this
ending which is absolutely drawn. So that is why I have stupidly moved my rook
out of the 6th.} Qg1+ 62. Kf7 Qa7+ 63. Kg6 $11) ({The following is equally
stupid.} 58. h6 $4 Rc4+ 59. Kg5 Ra4 $19) (58. Rb6+ $5 {Even giving a moronic
check does not lose.} Kc3 59. Rc6+ Kd2 60. Ra6 a1=Q 61. Rxa1 Rxa1 62. h6 Rh1
63. Kg5 Ke3 64. Kg6 Kf4 65. h7 Rg1+ 66. Kf7 $11) 58... Rc4+ 59. Kg5 Ra4 $19 60.
Rb8+ Ka3 0-1

[Event "Olympiad-35"]
[Site "Bled"]
[Date "2002.10.30"]
[Round "5.2"]
[White "Atalik, Suat"]
[Black "Macieja, Bartlomiej"]
[Result "1/2-1/2"]
[WhiteElo "2575"]
[BlackElo "2615"]
[Annotator "Atalik,S"]
[PlyCount "73"]
[EventDate "2002.10.26"]
[EventType "team-swiss"]
[EventRounds "14"]
[EventCountry "SLO"]
[SourceTitle "CBM 092"]
[Source "ChessBase"]
[SourceDate "2003.02.06"]
[SourceVersion "1"]
[SourceVersionDate "2003.02.06"]
[SourceQuality "1"]
[WhiteTeam "Bosnia&Herzegovina"]
[BlackTeam "Poland"]
[WhiteTeamCountry "BIH"]
[BlackTeamCountry "POL"]

1. d4 Nf6 2. c4 e6 3. Nf3 b6 4. a3 {Once again the Petrosian System.} Bb7 5.
Nc3 d5 6. Bg5 $5 {Playing the game in the Tartacower spirit.} Be7 7. Rc1 O-O 8.
e3 Nbd7 {Black goes for the hanging pawns which is the most challenging.} 9.
cxd5 exd5 10. Bb5 $5 $146 {This move a la Capablanca was never tried before.}
a6 11. Ba4 {One day they will give up the idea of getting stuck with bishops
pair in this position.} (11. Bxd7 $5 Qxd7 12. O-O Rfe8 (12... Ne4 13. Ne5) 13.
Qb3 $13) 11... Rc8 {Black is getting prepared for c5.} (11... c5 $2 12. Bxd7
Qxd7 13. dxc5 bxc5 14. Na4 Qb5 15. Bxf6 gxf6 16. b4 cxb4 17. Nd4 Qa5 18. Nf5
bxa3+ 19. Kf1 $18) 12. O-O {Development should not be neglected!} c5 13. Ne5 $6
{Very direct however does not contain any potence.} b5 14. Nxd7 Qxd7 15. Bc2
Ne4 $6 {Natural moves are always the best.} (15... c4 16. Qf3 (16. Bxf6 Bxf6
17. Qf3 Qd6) 16... Ne4 17. Bxe7 Qxe7 18. Qf5 Rfd8 19. Bxe4 dxe4 20. Rfd1 Rd6
$13) 16. Bxe7 Qxe7 17. Ne2 $6 {I thought this was cool but it sucks!} (17. Nxe4
dxe4 18. dxc5 Rxc5 $11) (17. Bxe4 dxe4 18. dxc5 Rxc5 19. Qg4 $14) 17... c4 18.
Qe1 Rfe8 19. Qb4 Nf6 (19... Qxb4 20. axb4 Nf6 21. Bf5 (21. Nc3 g6 22. Ra1)
21... Ra8 22. Nc3 Kf8 23. Ra1 Ke7 24. Ra5 $14) 20. Bf5 Ra8 21. Nc3 Bc6 $1 {
Game is turning around the fact if Black would be able to expand his queenside
or not.} 22. Qa5 Qd8 23. Qxd8 Rexd8 24. b4 $1 a5 25. Ra1 $8 $11 {Tough move to
find but it equalizes.} Ra7 26. bxa5 $8 Rxa5 27. Ra2 Rda8 28. Rfa1 g6 29. Bc2 {
Now we have a statusquo over the board.Actually i was thinking that I would be
better since it is time for me to tryfor f3,e4.} Ne8 30. g4 Nd6 31. f3 Re8 32.
Kf2 Ra7 33. h4 Kg7 34. Rb1 {Only now I have realized that I can not improve my
position either.} Rea8 35. Rba1 Re8 36. Rb1 Rea8 37. Rba1 1/2-1/2

[Event "EU-Cup 18th"]
[Site "Kallithea"]
[Date "2002.09.25"]
[Round "4.1"]
[White "Atalik, Suat"]
[Black "Chuchelov, Vladimir"]
[Result "1/2-1/2"]
[WhiteElo "2551"]
[BlackElo "2591"]
[Annotator "Atalik,S"]
[PlyCount "67"]
[EventDate "2002.09.22"]
[EventType "team-swiss"]
[EventRounds "7"]
[EventCountry "GRE"]
[SourceTitle "CBM 092"]
[Source "ChessBase"]
[SourceDate "2003.02.06"]
[SourceVersion "1"]
[SourceVersionDate "2003.02.06"]
[SourceQuality "1"]
[WhiteTeam "Sarajevo Napredak"]
[BlackTeam "Eupen Rochade"]
[WhiteTeamCountry "BIH"]
[BlackTeamCountry "BEL"]

1. d4 Nf6 2. c4 e6 3. Nf3 b6 4. a3 {Petrosian System in QID always leads to
sharp play.} Ba6 5. Qc2 Bb7 6. Nc3 c5 7. e4 cxd4 8. Nxd4 Nc6 9. Nxc6 Bxc6 10.
Qe2 $5 {Tkachiev's recipe.} d6 {Almost everybody plays this automatically.} ({
or} 10... e5 11. g3 $1 (11. Nd5 Bc5 12. Bg5 Bxd5 13. exd5 O-O 14. O-O-O {
looks very messy.}) 11... Bc5 12. Bg2 O-O 13. O-O a6 14. Nd5 Bxd5 15. exd5 $16)
11. g3 Be7 12. Bg2 O-O 13. O-O Nd7 14. Bf4 $6 {I do not like the present
theory about the line.} Qb8 $5 $146 {Black neglects the so called threat.} (
14... Ne5 15. Rfd1 Qb8 16. Rd2 a6 17. Rad1 Rc8 18. a4 Ra7 19. b3 Ba8 20. h4
Rac7 21. Bg5 Bf8 22. Be3 Nc6 23. h5 $13) 15. Nd5 Bd8 16. Nb4 Bb7 17. Rfd1 Ne5
18. Rac1 Be7 19. Nd3 {After a sequence of forced moves black is on the verge
of giving a decision.} Rc8 $1 {Experience counts.GM Chuchelov who is a great
expert of hedgehog type of setups finds the best plan.} (19... Nc6 20. b4 Nd4
21. Qb2 Bf6 22. e5 dxe5 23. Bxe5 Bxe5 24. Nxe5 Qxe5 (24... Bxg2 25. Qxd4 Bh3 (
25... Qb7 26. Qd7 Qe4 27. Re1) (25... Bb7 26. c5 bxc5 27. bxc5 Qc7 (27... Rc8
28. Qf4 f6 29. Rd7 Ba6 30. Qg4) 28. c6 Ba6 29. Qd6)) 25. Qxd4 Qb8 26. c5 $14)
20. Nxe5 dxe5 21. Rd7 exf4 $1 {Well calculated.} (21... Bxa3 22. Qh5 g6 23. Qg5
$5 (23. Qxe5 Qxe5 24. Bxe5 Bc6 $11) 23... exf4 24. Qf6 Rf8 25. bxa3 Bc6 26. Re7
fxg3 27. fxg3 $1 {White needs the h pawn.} (27. hxg3 Qd6 (27... a6 28. Bh3 Ra7
29. Rxe6 $1)) 27... Qd6 $1 (27... a6 $6 28. Bh3 Qd6 29. Bxe6 Qc5+ 30. Kf1 Be8
31. Rd1 $16) 28. Rf1 (28. c5 bxc5 29. Rf1 Qd4+) 28... Qc5+ 29. Kh1 Be8 30. e5
Rc8 31. h4 h5 32. g4 $40) 22. Rxe7 Rc7 23. Rxc7 Qxc7 24. e5 fxg3 {Draw offer}
25. hxg3 Bxg2 26. Kxg2 g6 $1 {keeping the rooks in the game.} (26... Rd8 27.
Rd1 g6 28. Rxd8+ Qxd8 29. Qe4) 27. Rd1 Rc8 28. Rd4 Qc5 29. Qe4 a5 $11 30. Qf4
b5 31. cxb5 Qxb5 32. b4 (32. Qf6 Qb7+ 33. Kg1 Qxb2 34. Rd8+ Rxd8 35. Qxd8+ Kg7
36. Qxa5 h5 $11) 32... axb4 33. axb4 h5 34. Qf6 $11 (34. Qf6 Qb6 35. Rf4 Qb7+
36. Kh2 Rc1 37. Rf3 Rb1 38. Qd8+ Kg7 39. Qf6+ $11) 1/2-1/2

[Event "SRB Central-ch op-A 8th"]
[Site "Paracin"]
[Date "2015.07.08"]
[Round "7"]
[White "Atalik, Suat"]
[Black "Petrov, Vladimir Sergeev"]
[Result "1/2-1/2"]
[WhiteElo "2564"]
[BlackElo "2307"]
[Annotator "Atalik,S"]
[PlyCount "83"]
[EventDate "2015.07.03"]
[EventType "swiss"]
[EventRounds "9"]
[EventCountry "SRB"]
[SourceTitle "EXT 2016"]
[Source "ChessBase"]
[SourceDate "2015.10.08"]
[SourceVersion "1"]
[SourceVersionDate "2015.10.08"]
[SourceQuality "1"]

1. d4 Nf6 2. c4 e6 3. Nf3 b6 4. a3 $5 {For a long time I did not have touched
to Petrosian System.} Bb7 ({The lines starting with} 4... Ba6 5. Qc2 Bb7 6. Nc3
c5 7. e4 cxd4 8. Nxd4 {are more popular these days.}) 5. Nc3 d5 6. cxd5 Nxd5 7.
e3 Be7 (7... g6 8. Bb5+ c6 9. Bd3 Nxc3 $5 (9... Bg7 10. Ne4 O-O 11. O-O {
is en vogue.}) 10. bxc3 Bg7 $13 {is the modern treatment.}) 8. Bb5+ c6 9. Bd3 {
The line which has been the center of attention in 1980's was an appropriate
choice to play against my young Bulgarian opponent.} O-O (9... Nxc3 10. bxc3 c5
11. O-O Nc6 12. e4 O-O {leads to a choice between} 13. Be3 $5 ({and} 13. Bb2 $5
)) 10. Qc2 $5 {This maneuver probes a weakness in Black's kingside.} (10. O-O
c5 11. e4 Nxc3 12. bxc3) 10... h6 11. e4 Nxc3 12. bxc3 c5 13. O-O Nc6 (13...
Qc8 $142 $5 {is a finess in this opening.} 14. Qe2 Ba6 15. Rd1 Bxd3 16. Rxd3
Nd7 17. Bb2 Qa6 18. Rad1 Rfe8 19. h3 Bf8 20. Nh2 $1 {is my game with Alex from
Continental open in Los Angeles 1998 where I did not feel comfortable with
Black.}) 14. Bb2 Rc8 15. Qe2 Na5 (15... cxd4 16. cxd4 Na5 17. Rad1 Bf6 18. Rfe1
Qc7 $13 {is played by people no lesser than Ribli-Hort in Euro Club Cup1991.})
16. Rad1 Qc7 17. Ne5 Bd6 {Interesting enough during the game I was simply
thinking that Black was supposed to be lost! However whatever was on the board,
also was part of established theory.} 18. Ng4 (18. f4 $5 f5 $13) 18... Bf4 $146
(18... Rfd8 19. e5 Bf8 20. f4 $40 {is logical and seen in some correspondence
game.}) 19. e5 {Isolating the Bishop.} cxd4 20. cxd4 Rfd8 21. h4 (21. Rfe1 Nc4)
(21. g3 Bg5 22. h4 Qc6 23. f3 Be7 24. Ne3) 21... Nc4 (21... Qc6 22. Ne3 $1 Nc4
23. d5 exd5 24. Nf5 $40 {gives White the rampant knight.}) 22. Nf6+ Kh8 23. Nh5
Nxb2 24. Qxb2 g5 $8 {I have to admit that this move utterly surprised me even
if it was the only move to play in the position! Realizing that not only I
could not win a piece immediately but also it was really difficult even to
prove and advantage I have sank into a deep thought.} 25. hxg5 (25. Nxf4 $2
gxf4 $17 {exposes the king via the g-line.}) 25... Bxg5 (25... hxg5 $2 26. Nxf4
gxf4 27. Qe2 Rg8 28. Qh5+ Kg7 29. Rfe1) 26. f4 Be7 27. Rc1 Qd7 {Now seemingly
White was hooked to the d4-pawn.} 28. Rxc8 $1 Bxc8 $6 (28... Rxc8 29. f5 Bg5
30. fxe6 Be3+ 31. Kh2 fxe6 32. Qb4 $1 $40) (28... Qxc8 29. Rc1 Qb8 $1 (29...
Qd7 $2 {transposes into the game.}) 30. Bb1 Rg8 31. g3 Qd8 32. Qc2 Rg6 33. Qe2
Qxd4+ 34. Kh2 Rg8 35. Qc2 $11 {turned out to be Black's best.}) 29. Rc1 Bb7 $2
{This is a real howler!} (29... Rg8 30. Bb5 Qd8 31. Bc6 Ba6 32. Bf3 $14) 30.
Nf6 $2 {This reminded me the famous game composed by Samuel Lloyd: Patzer and
Duffer!} (30. Bb5 Qd5 31. Rc7 {should have won immediately} Rg8 ({but I have
missed that after the seemingly winning} 31... Bxa3 $2 32. Qf2 $1 Rg8 (32...
Qxb5 33. Qh4) 33. Bf1 Qf3 34. Nf6 $18 {curtains!}) 32. Bf1 Bh4 33. Kh2 $1 $16 {
is also very bad for Black.} (33. Rxf7 $2 Qf3 $1)) 30... Bxf6 31. exf6 Qxd4+ $2
{After this move the game practically ended as a draw but he could have
questioned White's play} ({with} 31... Rg8 $1 32. Bf1 Qd8 $17 {would have been
grim for White.}) 32. Qxd4 Rxd4 33. Rc7 Rxd3 34. Rxb7 Rxa3 $5 (34... Kg8 35.
Rxa7 $11) 35. Rxf7 Ra5 (35... Kg8 36. Rg7+ Kf8 37. Kf2 h5 38. Rb7 $11) 36. Kf2
Rf5 37. Ke3 h5 38. Rxa7 Rxf6 39. Rb7 $11 Rg6 40. Rxb6 Rxg2 41. Rxe6 Kg7 42. f5
1/2-1/2